| Tag |
First Indicator |
Second Indicator |
Subfields |
| LEADER |
00000cam a2200000I 4500 |
| 001 |
in00003522017 |
| 005 |
20190407115644.0 |
| 006 |
m o d |
| 007 |
cr bn||||||abp |
| 007 |
cr bn||||||ada |
| 008 |
100326s1960 nyua o 000 0 eng d |
| 035 |
|
|
|a (OCoLC)ocn579831171
|
| 040 |
|
|
|a OCLCE
|b eng
|c OCLCE
|d OCLCQ
|d OCLCF
|d CAUOI
|d VLB
|d OCLCO
|
| 019 |
|
|
|a 649982428
|a 654959697
|
| 035 |
|
|
|a (OCoLC)579831171
|z (OCoLC)649982428
|z (OCoLC)654959697
|
| 042 |
|
|
|a dlr
|
| 050 |
|
4 |
|a LB1028
|b .B343
|
| 082 |
0 |
4 |
|a 371.3072
|
| 049 |
|
|
|a TXAM
|
| 100 |
1 |
|
|a Barnes, John B.
|
| 245 |
1 |
0 |
|a Educational research for classroom teachers.
|
| 260 |
|
|
|a New York :
|b Putnam,
|c [1960]
|
| 300 |
|
|
|a 1 online resource (229 pages) :
|b illustrations
|
| 336 |
|
|
|a text
|b txt
|2 rdacontent
|
| 337 |
|
|
|a computer
|b c
|2 rdamedia
|
| 338 |
|
|
|a online resource
|b cr
|2 rdacarrier
|
| 490 |
0 |
|
|a The Putnam series in education
|
| 538 |
|
|
|a Master and use copy. Digital master created according to Benchmark for Faithful Digital Reproductions of Monographs and Serials, Version 1. Digital Library Federation, December 2002.
|u http://purl.oclc.org/DLF/benchrepro0212
|5 MiAaHDL
|
| 583 |
1 |
|
|a digitized
|c 2010
|h HathiTrust Digital Library
|l committed to preserve
|2 pda
|5 MiAaHDL
|
| 588 |
|
|
|a Description based on print version record.
|
| 520 |
|
|
|a "In this book, the author introduces the reader to a kind of research that is teacher-oriented and to a kind of teaching that is research oriented. The book serves the general field of educational research in terms of its basic methods and techniques then, importantly, shows three large areas of educational work in which research may be applied: --the study of individuals --the study of classroom groups or subgroups --the study of teaching and learning problems. Each of these areas is illustrated by real cases which open up practical ways to apply research techniques to the study of many kinds of teacher-administrator problems"--Jacket. (PsycINFO Database Record (c) 2013 APA, all rights reserved).
|
| 650 |
|
0 |
|a Education
|x Research.
|
| 650 |
|
6 |
|a Éducation
|x Recherche.
|
| 650 |
|
7 |
|a Education
|x Research.
|2 fast
|0 (OCoLC)fst00902743
|
| 655 |
|
7 |
|a Electronic books.
|2 local
|
| 730 |
0 |
|
|a PsycBOOKs.
|
| 776 |
0 |
8 |
|i Print version:
|a Barnes, John B.
|t Educational research for classroom teachers.
|d New York, Putnam [1960]
|w (DLC) 60013960
|w (OCoLC)760029
|
| 856 |
4 |
0 |
|u http://proxy.library.tamu.edu/login?url=http://search.ebscohost.com/direct.asp?db=pzh&jid=201329550&scope=site
|z Connect to the full text of this electronic book
|t 0
|
| 994 |
|
|
|a 92
|b TXA
|
| 999 |
f |
f |
|s 628c2933-3326-3923-8501-b5570c0d263f
|i 34a2d3a2-f914-3846-91f5-d6f327b5aae1
|t 0
|
| 952 |
f |
f |
|a Texas A&M University
|b College Station
|c Electronic Resources
|d Available Online
|t 0
|e LB1028 .B343
|h Library of Congress classification
|
| 998 |
f |
f |
|a LB1028 .B343
|t 0
|l Available Online
|